| Tag |
First Indicator |
Second Indicator |
Subfields |
| LEADER |
00000cam a2200000 4500 |
| 001 |
in00000043671 |
| 005 |
20151007074939.0 |
| 008 |
770708s1952 pau 00011 eng |
| 010 |
|
|
|a 52027268
|
| 035 |
|
|
|a (OCoLC)03102548
|
| 035 |
|
|
|9 AAF2366AM
|
| 040 |
|
|
|a DLC
|c IQU
|d TXA
|d UtOrBLW
|
| 049 |
|
|
|a TXAS
|c [1700344]
|
| 050 |
0 |
0 |
|a PZ3.B438565
|b He
|
| 100 |
1 |
|
|a Bennett, Gertrude Barrows,
|d 1884-
|
| 245 |
1 |
4 |
|a The heads of Cerberus /
|c by Francis Stevens [pseudonym] Illustrated by Ric Binkley, with an introd. by Lloyd Arthur Eshbach.
|
| 250 |
|
|
|a [1st ed.].
|
| 264 |
|
1 |
|a Reading, Pa. :
|b Polaris Press,
|c 1952.
|
| 300 |
|
|
|a 190 pages :
|b illustrations ;
|c 23 cm.
|
| 336 |
|
|
|a text
|b txt
|2 rdacontent
|
| 337 |
|
|
|a unmediated
|b n
|2 rdamedia
|
| 338 |
|
|
|a volume
|b nc
|2 rdacarrier
|
| 490 |
1 |
|
|a The Polaris fantasy library,
|v v. 1
|
| 830 |
|
0 |
|a Polaris fantasy library ;
|v v. 1.
|
| 999 |
|
|
|a MARS
|
| 999 |
f |
f |
|s 182f00cf-3e72-3cac-a068-efcf57881dd8
|i 4d9ffdc0-3845-3061-bb41-095a8bfb739f
|t 0
|
| 952 |
f |
f |
|p noncirc
|a Texas A&M University
|b College Station
|c Cushing Memorial Library & Archives
|d Cushing: Science Fiction (Does not check out)
|t 0
|e PZ3.B438565 He
|h Library of Congress classification
|i unmediated -- volume
|m A14800403174
|
| 998 |
f |
f |
|a PZ3.B438565 He
|t 0
|l Cushing: Science Fiction (Does not check out)
|